Strategija cifrovoj transformacii Slovakii i jeje vlijanije na vnešnetorgovyje operacii
Jednotný a bezpečný digitálny trh Európskej únie. Stratégia digitálnej transformácie Slovenskej republiky. Oblasti digitalizácie. Regulácia zahraničného obchodu. Colný kódex Únie.
Gespeichert in:
| 1. Verfasser: | |
|---|---|
| Format: | Buchkapitel |
| Sprache: | Russisch |
| Schlagworte: | |
| Tags: |
Keine Tags, Fügen Sie das erste Tag hinzu!
|
MARC
| LEADER | 00000naa$a2200000$$$4500 | ||
|---|---|---|---|
| 001 | 0267056 | ||
| 005 | 20240502074208.8 | ||
| 041 | 0 | |a rus | |
| 044 | |a SK | ||
| 245 | 1 | 0 | |a Strategija cifrovoj transformacii Slovakii i jeje vlijanije na vnešnetorgovyje operacii |c Elena Kašťáková |
| 520 | |a Jednotný a bezpečný digitálny trh Európskej únie. Stratégia digitálnej transformácie Slovenskej republiky. Oblasti digitalizácie. Regulácia zahraničného obchodu. Colný kódex Únie. | ||
| 610 | 2 | 0 | |a digitalizácia |
| 610 | 2 | 0 | |a transformácia digitálna |
| 610 | 2 | 0 | |a obchod zahraničný |
| 610 | 2 | 0 | |a obchod voľný |
| 610 | 2 | 0 | |a trh jednotný |
| 610 | 2 | 0 | |a regulácia |
| 610 | 2 | 0 | |a Európska únia |
| 610 | 2 | 0 | |a Slovensko |
| 100 | 1 | |a Kašťáková, Elena, 1974- | |